| 000 | 00572pam a2200181 a 4500 | ||
|---|---|---|---|
| 005 | 20250901165434.0 | ||
| 008 | 980302s1999 maua b 001 0 eng | ||
| 010 | _a 98016009 | ||
| 020 | _a0201857677 (hardcover) | ||
| 050 | 0 | 0 |
_aHD62.4 .G74 1999 _b.G74 1999 |
| 082 | 0 | 0 |
_a658/.049 _221 |
| 100 | 1 | _aGriffin, Ricky W. | |
| 245 | 1 | 0 |
_aInternational business : _ba managerial perspective / _cRicky W. Griffin, Michael W. Pustay. |
| 250 | _a2nd ed. | ||
| 260 |
_aReading, Mass. : _bAddison-Wesley, _cc1999. |
||
| 300 |
_axxxii, 808 p. : _bcol. ill. ; _c26 cm. |
||
| 942 | _2lcc | ||
| 999 |
_c3994 _d3994 |
||